Разработка трёхмерной модели микротрона ТПУ; Физико-технические проблемы в науке, промышленности и медицине

Podrobná bibliografie
Parent link:Физико-технические проблемы в науке, промышленности и медицине.— 2022.— [С. 130]
Hlavní autor: Поломошнова Д. А. Дарья Анатольевна
Korporativní autor: Национальный исследовательский Томский политехнический университет Исследовательская школа физики высокоэнергетических процессов
Další autoři: Шкитов Д. А. Дмитрий Андреевич
Shrnutí:Заглавие с экрана
Jazyk:ruština
Vydáno: 2022
Edice:Цифровизация процессов и производств
Témata:
On-line přístup:http://earchive.tpu.ru/handle/11683/74590
Médium: Elektronický zdroj Kapitola
KOHA link:https://koha.lib.tpu.ru/cgi-bin/koha/opac-detail.pl?biblionumber=635508

MARC

LEADER 00000naa2a2200000 4500
001 635508
005 20251224103721.0
035 |a (RuTPU)RU\TPU\conf\37361 
035 |a RU\TPU\conf\37359 
090 |a 635508 
100 |a 20230131d2022 k y0rusy50 ca 
101 0 |a rus 
102 |a RU 
135 |a drgn ---uucaa 
181 0 |a i  
182 0 |a b 
200 1 |a Разработка трёхмерной модели микротрона ТПУ  |f Д. А. Поломошнова, Д. А. Шкитов 
203 |a Текст  |c электронный 
225 1 |a Цифровизация процессов и производств 
300 |a Заглавие с экрана 
463 1 |0 (RuTPU)RU\TPU\conf\36995  |t Физико-технические проблемы в науке, промышленности и медицине  |o сборник тезисов докладов XI Международной научно-практической конференции, г. Томск, 07–09 сентября 2022 г.  |f Национальный исследовательский Томский политехнический университет, Инженерная школа ядерных технологий ; ред. кол. А. Г. Горюнов, О. Ю. Долматов, А. О. Семенов, Е. С. Сухих  |v [С. 130]  |d 2022 
610 1 |a труды учёных ТПУ 
610 1 |a электронный ресурс 
610 1 |a разработки 
610 1 |a трехмерные модели 
610 1 |a микротроны 
610 1 |a релятивистские электроны 
610 1 |a САПР 
610 1 |a автоматизированные производства 
610 1 |a машиностроительные производства 
700 1 |a Поломошнова  |b Д. А.  |g Дарья Анатольевна  |f 2002-  |c специалист в области ядерных технологий  |c инженер-исследователь Томского политехнического университета  |y Томск  |9 88959 
701 1 |a Шкитов  |b Д. А.  |c физик  |c младший научный сотрудник Томского политехнического университета, кандидат физико-математических наук  |f 1985-  |g Дмитрий Андреевич  |3 (RuTPU)RU\TPU\pers\30630  |9 14911 
712 0 2 |a Национальный исследовательский Томский политехнический университет  |b Исследовательская школа физики высокоэнергетических процессов  |c (2017- )  |3 (RuTPU)RU\TPU\col\23551 
801 2 |a RU  |b 63413507  |c 20230201  |g RCR 
856 4 |u http://earchive.tpu.ru/handle/11683/74590 
942 |c CF